|
|
|
|
| LEADER |
01688nam a2200361 a 4500 |
| 001 |
GR-Patra13341 |
| 003 |
GR-PaULI |
| 008 |
000824s1999 gr e b 000 0 gre d |
| 040 |
|
|
|a GrPaTEI
|b gre
|c GR-PaULI
|
| 040 |
|
|
|a GrPaTEI
|b gre
|c GR-PaULI
|
| 245 |
0 |
0 |
|a Ανάλυση ισολογισμών της μεταλοπλαστικής Αγρινίου ΑΕ. (1994-1998) /
|c Σπουδαστές: Αυδής Νικόλαος, Μπαρμπατσούλιας Ιωάννης, Τσόλκας Πάναγιώτης.
|
| 260 |
|
|
|a Πάτρα :
|b ΤΕΙ Πάτρας,
|c 1999
|
| 300 |
|
|
|a 134σ. : πιν.
|
| 504 |
|
|
|a Περιλαμβάνει βιβλιογραφία.
|
| 610 |
0 |
4 |
|a ΜΕΤΑΛΟΠΛΑΣΤΙΚΗ ΑΓΡΙΝΙΟΥ Α.Ε.
|
| 650 |
|
4 |
|a ΑΝΑΛΥΣΗ ΔΕΙΚΤΩΝ
|
| 650 |
|
4 |
|a ΙΣΟΛΟΓΙΣΜΟΣ
|
| 650 |
|
4 |
|a ΛΟΓΙΣΤΙΚΗ ΑΝΑΛΥΣΗ
|
| 650 |
|
4 |
|a ΜΕΛΕΤΗ ΠΕΡΙΠΤΩΣΕΩΝ
|
| 650 |
|
4 |
|a ΠΡΟΣΑΡΤΗΣΕΙΣ
|
| 650 |
|
4 |
|a Πτυχιακή εργασία
|
| 700 |
1 |
|
|a Αυδής, Νικόλαος
|
| 700 |
1 |
|
|a Μπαρμπατσούλιας, Ιωάννης
|
| 700 |
1 |
|
|a Τσόλκας, Ιωάννης
|
| 710 |
0 |
|
|a Σ.Δ.Ο..
|b Τμήμα Λογιστικής
|
| 710 |
0 |
|
|a ΤΕΙ Πάτρας
|
| 856 |
4 |
0 |
|u https://nereus.library.upatras.gr/formerpat/ptyxiakes/sdo/sdo_log/1996-2000/2868pe.pdf
|
| 907 |
|
|
|a .b2660856x
|b 08-10-20
|c 23-09-16
|
| 942 |
|
|
|2 ddc
|b LISK
|c ERST
|x GrPaTEI
|
| 952 |
|
|
|0 0
|1 0
|4 0
|7 0
|9 342989
|a LISK
|b LISK
|d 2021-11-12
|l 0
|r 2021-11-12 00:00:00
|w 2021-11-12
|y ERST
|x Μεταφορά από πΤΕΙ Δυτικής Ελλάδος
|
| 981 |
|
|
|p atra13341
|
| 998 |
|
|
|a 24
|b 15-01-16
|c m
|d u
|e -
|f gre
|g gr
|h 0
|
| 999 |
|
|
|c 197422
|d 197422
|